000 00219nam a22000857a 4500
008 161212b xxu||||| |||| 00| 0 eng d
100 _92002
_aNCERT
245 _aSocial Science(History) -VIII
260 _aNew Delhi
_bNCERT
_c2008
999 _c4850
_d4850